000 00510nam a22001817a 4500
005 20260408141622.0
008 260408b |||||||| |||| 00| 0 eng d
037 _cDSWL
040 _aDSWL
_cDSWL
041 _heng
100 _aKaushik, Archana
245 _aWelfare and development administration in India
260 _aNew Delhi,
_bGlobal Vision Publication,
_c2013
300 _a353p
365 _aINR
_b950
942 _2CC
_cTEXL
_n0
999 _c1848107
_d1848107